[Event "38th Olympiad"]
[Site "Dresden GER"]
[Date "2008.11.20"]
[Round "7"]
[White "Borg,A"]
[Black "Arosemena,J"]
[Result "0-1"]
[WhiteElo "2112"]
[BlackElo "2201"]
[EventDate "2008.11.13"]

1. Nf3 Nf6 2. c4 c5 3. Nc3 e6 4. g3 b6 5. Bg2 Bb7 6. O-O Be7 7. Re1 a6 8.
e4 d6 9. d4 cxd4 10. Nxd4 Qc7 11. Be3 Nbd7 12. Rc1 O-O 13. h3 Rac8 14. b3
Qb8 15. f4 Rfe8 16. Bf2 Bf8 17. Kh2 g6 18. Nf3 Bg7 19. Bd4 e5 20. fxe5 dxe5
21. Bg1 Nc5 22. Bxc5 Rxc5 23. Nd5 Nxd5 24. cxd5 Qd6 25. Rxc5 Qxc5 26. Rf1
Qd6 27. Qd3 Rc8 28. Ng5 Rf8 29. Nf3 h6 30. Nd2 b5 31. Rc1 f5 32. Rf1 Bc8
33. a4 Bd7 34. axb5 axb5 35. Ra1 Qb6 36. Rd1 Kh8 37. Rf1 Rc8 38. b4 Qd6 39.
Rb1 Kh7 40. h4 f4 41. Rb2 g5 42. hxg5 hxg5 43. gxf4 Qh6+ 44. Kg1 Qb6+ 45.
Kh2 Rh8 46. Kg3 exf4+ 47. Kf3 Bxb2 48. e5+ Kg7 49. e6 Be8 50. Ke2 Qg1 0-1

[Event "38th Olympiad"]
[Site "Dresden GER"]
[Date "2008.11.20"]
[Round "7"]
[White "Valdes,R"]
[Black "Zerafa,P"]
[Result "0-1"]
[WhiteElo "2093"]
[BlackElo "2065"]
[EventDate "2008.11.13"]

1. d4 Nf6 2. c4 g6 3. Nc3 Bg7 4. e4 d6 5. Nf3 O-O 6. Be2 Na6 7. O-O c5 8.
b3 cxd4 9. Nxd4 Nc5 10. Bf3 Rb8 11. Bb2 Nfd7 12. Qd2 Ne5 13. Be2 Nc6 14.
Nf3 b6 15. Rfe1 Bb7 16. Rad1 Qd7 17. Bf1 Rbd8 18. Nd5 f6 19. b4 Ne6 20. g3
Ne5 21. Nxe5 fxe5 22. Bh3 Bc8 23. a4 Qb7 24. Bxe6+ Bxe6 25. Rc1 Rf3 26. Rc3
Rdf8 27. Rxf3 Rxf3 28. Kg2 Rf7 29. Rc1 Qd7 30. b5 Bh3+ 31. Kg1 Qg4 32. Qd1
Qxe4 33. Ne3 Bh6 34. Qd5 Qxd5 35. cxd5 Rf8 36. Ba3 Rc8 37. Rxc8+ Bxc8 38.
Nc2 Bg4 39. Nb4 Bd1 40. Nc6 Kf7 41. a5 Bd2 42. axb6 axb6 43. Na7 Be2 44.
Nc8 Kf6 45. Nxb6 Bxb5 46. Bb2 g5 47. h4 g4 48. Nc8 Bc4 49. Nb6 Bb3 50. Kf1
Ba5 51. Nc8 Bc4+ 52. Kg1 Bxd5 53. Bc1 Ke6 54. Bg5 Bd8 55. Na7 Bb7 56. Nb5
d5 57. Nc3 Bc6 58. Kf1 Ba5 59. Bd2 d4 60. Ne4 Bxd2 61. Nxd2 Bd5 62. Ke2 e4
63. Nb1 Kd6 64. Kd2 Kc5 65. Na3 e5 66. Nc2 Bb3 67. Ne1 Kb4 68. h5 h6 69.
Ng2 Bf7 70. Nh4 Bxh5 71. Nf5 Bf7 72. Nd6 Bg6 73. Nc8 Kc5 74. Ne7 Bh7 75.
Ke2 Kd6 76. Nc8+ Ke6 77. Na7 Kd7 78. Nb5 Bg8 79. Na3 Kc6 80. Nc2 d3+ 0-1

[Event "38th Olympiad"]
[Site "Dresden GER"]
[Date "2008.11.20"]
[Round "7"]
[White "Zerafa,R"]
[Black "Mathews,B"]
[Result "0-1"]
[WhiteElo "1991"]
[BlackElo "2032"]
[EventDate "2008.11.13"]

1. e4 c5 2. Nf3 d6 3. d4 cxd4 4. Nxd4 Nf6 5. Nc3 a6 6. Be3 e6 7. Be2 Be7 8.
O-O Qc7 9. f4 O-O 10. Bf3 Nc6 11. Qe1 Re8 12. Rd1 Bd7 13. Nxc6 Bxc6 14. g4
Bf8 15. g5 Nd7 16. Kh1 b5 17. a3 Rab8 18. Rg1 a5 19. Rg3 b4 20. Nb1 g6 21.
axb4 Rxb4 22. Bd4 e5 23. Bc3 Rxe4 24. Bxe4 exf4 25. Rg2 Bxe4 26. Kg1 Bxg2
27. Qxe8 Bb7 28. Kf2 Qc5+ 29. Rd4 Qxg5 30. Qxd7 Qg2+ 31. Ke1 Qg1+ 32. Ke2
Qe3+ 33. Kf1 Ba6+ 34. Rd3 Bxd3+ 35. cxd3 Qxd3+ 36. Kg2 Qxb1 37. Qa4 Qf5 38.
Qd4 f6 39. Qe4 0-1

[Event "38th Olympiad"]
[Site "Dresden GER"]
[Date "2008.11.20"]
[Round "7"]
[White "Volpinari,D"]
[Black "Savva,P"]
[Result "0-1"]
[WhiteElo "2072"]
[BlackElo "2093"]
[EventDate "2008.11.13"]

1. d4 Nf6 2. Nc3 d5 3. Bg5 c6 4. Qd3 Nbd7 5. Nf3 h6 6. Bf4 Qa5 7. Bd2 Qb6
8. O-O-O a5 9. e4 dxe4 10. Nxe4 Nxe4 11. Qxe4 Nf6 12. Qh4 Bf5 13. Ne5 Be6
14. c4 O-O-O 15. Be3 Qb4 16. f3 Nd7 17. Nxd7 Rxd7 18. Qe1 Qxe1 19. Rxe1 g6
20. Rd1 Bg7 21. Be2 Rhd8 22. d5 cxd5 23. Bb6 Rh8 24. cxd5 Rxd5 25. Rxd5
Bxd5 26. Rd1 Bxa2 27. Bxa5 Bb3 28. Rd2 Bf6 29. Kb1 Kb8 30. Bb5 Be6 31. Bb6
Bg5 32. Rd8+ Rxd8 33. Bxd8 Kc8 34. Bb6 Bf5+ 35. Ka2 Bd7 36. Bd3 Bc6 37. Bc4
e6 38. Kb1 Bd8 39. Be3 h5 40. Kc2 Bc7 41. h3 Kd7 42. b3 Bh2 43. Bd3 f5 44.
Ba7 g5 45. Bf1 Bf4 46. Bf2 Bd5 47. Kc3 Kc6 48. Bd3 Be5+ 49. Kc2 Bd6 50. Be3
f4 51. Bf2 g4 52. hxg4 hxg4 53. Be2 e5 54. Kc3 g3 55. Bg1 Bc5 56. Bxc5 Kxc5
57. b4+ Kd6 58. Kd3 b5 59. Bd1 Ke6 60. Bc2 Bc4+ 61. Kd2 Bf1 62. Be4 Bxg2
63. Ke2 Kd6 64. Bb7 Bh3 65. Be4 Be6 66. Bg6 Bc4+ 67. Ke1 Kd5 68. Be4+ Kd4
69. Bf5 0-1

[Event "38th Olympiad"]
[Site "Dresden GER"]
[Date "2008.11.20"]
[Round "7"]
[White "Klerides,P"]
[Black "Grassi,E"]
[Result "1/2-1/2"]
[WhiteElo "2212"]
[BlackElo "2063"]
[EventDate "2008.11.13"]

1. e4 d5 2. exd5 Qxd5 3. Nc3 Qa5 4. d4 Nf6 5. Bd2 c6 6. Bc4 Bf5 7. Nd5 Qd8
8. Nxf6+ gxf6 9. Nf3 e6 10. Bb3 Rg8 11. Qe2 Na6 12. Nh4 Bg6 13. O-O-O Qd7
14. g3 O-O-O 15. Nxg6 hxg6 16. h4 Be7 17. h5 gxh5 18. Qxh5 Rdf8 19. Qe2 Nc7
20. Rh7 Rh8 21. Rdh1 Rxh7 22. Rxh7 Qxd4 23. Rxf7 Rxf7 24. Bxe6+ Nxe6 25.
Qxe6+ Kd8 26. Qxf7 Qxf2 27. Qg8+ Kd7 28. c3 Qf1+ 29. Kc2 Qf5+ 30. Kd1 Qf1+
31. Be1 Qd3+ 32. Kc1 Bc5 33. Qg4+ f5 34. Qg7+ Kc8 35. Qh8+ Kd7 36. Qg7+ Kc8
37. Bd2 Be3 38. Qf8+ Kd7 39. Qg7+ Kd8 40. Qh8+ Kd7 41. Qh7+ Kd8 42. Qh4+
Kd7 43. Bxe3 Qxe3+ 44. Kc2 Qe2+ 45. Kb3 Qb5+ 46. Kc2 Qe2+ 47. Kb3 Qb5+
1/2-1/2

[Event "38th Olympiad"]
[Site "Dresden GER"]
[Date "2008.11.20"]
[Round "7"]
[White "Righi,E"]
[Black "Antoniou,A"]
[Result "0-1"]
[WhiteElo "2094"]
[BlackElo "2177"]
[EventDate "2008.11.13"]

1. e4 e5 2. Nf3 Nc6 3. Bb5 Nf6 4. O-O Nxe4 5. Re1 Nd6 6. Nxe5 Be7 7. Bd3 O-O 8.
Qh5 f5 9. Nc3 Nxe5 10. Rxe5 g6 11. Qf3 c6 12. b3 Nf7 13. Re2 d5 14. Bb2 Ng5 15.
Qe3 Bf6 16. Nd1 Bd7 17. f4 Re8 18. Qf2 Rxe2 19. Qxe2 Ne6 20. Qf2 Bxb2 21. Nxb2
Qb6 22. g3 Re8 23. Bf1 Nd4 24. Na4 Nf3+ 25. Kg2 Qxf2+ 26. Kxf2 Nxd2 27. Bd3 b6
28. a3 c5 29. Nb2 Bc6 30. Be2 Ne4+ 31. Kf1 Nd2+ 32. Kf2 Ne4+ 33. Kf1 Nc3 34.
Bd3 Kf7 35. Kf2 Kf6 36. a4 Ne4+ 37. Kf1 h5 38. Be2 h4 39. gxh4 a5 40. Nd3 Nd2+
41. Kf2 Ne4+ 42. Kf1 Rh8 43. h5 g5 44. fxg5+ Kxg5 45. Bf3 Be8 46. h4+ Kf6 47.
Kg2 Bxh5 48. Bxh5 Rxh5 49. Nf4 Rh6 50. Rh1 Ke5 51. Kf3 c4 52. bxc4 dxc4 53. h5
Ng5+ 54. Kg3 Ne4+ 55. Kf3 Nc5 56. Re1+ Kd6 57. Ra1 Ke5 58. Ke3 Ne6 59. Nxe6
Kxe6 60. Rh1 Ke5 61. Rh4 c3 62. Kf3 f4 63. Rh1 Kf5 64. Rh4 Ke5 65. Rh1 Kf5 66.
Rh4 Kg5 67. Rg4+ Kxh5 68. Rxf4 Kg5 69. Rc4 Kf5 70. Ke3 Ke5 71. Rxc3 Kd5 72. Rc8
Rh4 73. Kd3 Rh3+ 74. Kd2 Ra3 75. Rh8 Rxa4 76. Rh5+ Kc4 77. Kc1 Rb4 78. Rh4+ Kb5
79. Rh5+ Ka4 80. Rh3 Kb5 81. Rh5+ Ka6 82. c3 Rg4 83. Kb2 a4 84. Rf5 b5 85. Rf6+
Ka5 86. Rf5 Rg2+ 87. Ka3 Rc2 88. Rf3 Kb6 89. Kb4 Rb2+ 90. Ka3 Rb3+ 91. Ka2 Kc5
92. Rh3 Kc4 93. Rh4+ Kxc3 94. Rh3+ Kb4 95. Rh4+ Ka5 96. Rh5 Rg3 97. Rf5 a3 98.
Rf8 Ka4 99. Ra8+ Kb4 100. Rh8 Rg2+ 101. Kb1 Ka4 102. Rh4+ b4 103. Rf4 Rg3 104.
Ka2 Rc3 105. Rh4 Rc2+ 106. Kb1 Rd2 107. Rf4 Rh2 108. Rg4 Rh3 109. Ka2 Rd3 110.
Rh4 Kb5 111. Rh8 Rd2+ 112. Kb1 Ka4 113. Rh4 Kb3 114. Rh3+ Kc4 115. Rh4+ Kc3
116. Rh3+ Rd3 117. Rh2 Rd1+ 0-1

[Event "38th Olympiad"]
[Site "Dresden GER"]
[Date "2008.11.20"]
[Round "7"]
[White "Gebregziabher,B"]
[Black "Chahrani,I"]
[Result "0-1"]
[WhiteElo "2073"]
[BlackElo "2314"]
[EventDate "2008.11.13"]

1. d4 Nf6 2. c4 g6 3. Nc3 d5 4. Bg5 Ne4 5. Nxe4 dxe4 6. e3 Bg7 7. Qd2 c5 8.
Ne2 cxd4 9. exd4 O-O 10. Be3 Nc6 11. d5 Ne5 12. Nc3 f5 13. Be2 Bd7 14. O-O
Qc7 15. b3 f4 16. Bd4 f3 17. Bd1 fxg2 18. Kxg2 Nf3 19. Bxf3 exf3+ 20. Kh1
Bxd4 21. Qxd4 Rf4 22. d6 Qxd6 23. Qxd6 exd6 24. Nd5 Rf7 25. Rfe1 Re8 26.
Rad1 Rxe1+ 27. Rxe1 Kf8 28. Rd1 Bc6 29. Ne3 Re7 30. Kg1 Re6 31. h3 Ke7 32.
Kh2 Re5 33. Kg3 Ke6 34. h4 h5 35. Kf4 a6 36. Nc2 Re4+ 37. Kg3 Rg4+ 38. Kh3
Rg2 39. Nd4+ Ke5 40. Nxc6+ bxc6 41. Rd2 d5 42. cxd5 cxd5 43. b4 d4 44. a4
Rg1 45. Ra2 d3 46. b5 axb5 47. a5 Kf4 48. Kh2 Rc1 49. a6 Rc8 50. Rb2 Ra8
51. Rb4+ Ke5 52. Kg3 d2 53. Rxb5+ Ke4 54. Rb1 Rxa6 0-1

[Event "38th Olympiad"]
[Site "Dresden GER"]
[Date "2008.11.20"]
[Round "7"]
[White "Abera,Y"]
[Black "Ghattour,M"]
[Result "1-0"]
[WhiteElo "2201"]
[BlackElo "1984"]
[EventDate "2008.11.13"]

1. e4 Nf6 2. e5 Nd5 3. d4 d6 4. c4 Nb6 5. exd6 exd6 6. Nf3 Nc6 7. Be2 Bg4
8. O-O Be7 9. Nbd2 d5 10. c5 Nd7 11. Qb3 Qc8 12. Qxd5 O-O 13. Qe4 Nf6 14.
Qd3 Bf5 15. Qc4 Be6 16. Qc2 Rd8 17. Nb3 Bxb3 18. Qxb3 Nxd4 19. Nxd4 Rxd4
20. Bc4 Qf8 21. Be3 Rdd8 22. Qxb7 Bxc5 23. Qxc7 Bxe3 24. fxe3 Rac8 25. Qf4
Re8 26. b3 Re4 27. Qg3 Qe7 28. Rae1 Rf8 29. Qh3 h6 30. Rf3 Nh7 31. Rg3 Kh8
32. Bd3 Rh4 33. Qf5 g6 34. Qf2 Rd8 35. Qb2+ Nf6 36. Bc4 Kg7 37. Rf1 Rd6 38.
Rgf3 Re4 39. Qc3 h5 40. h3 h4 41. a4 Re5 42. Kh1 Kh6 43. Qe1 Nh5 44. Rxf7
Qg5 45. R1f3 Ng3+ 46. Kh2 Nf5 47. Qb4 Nxe3 48. Bf1 Nxf1+ 49. Rxf1 Re2 50.
Qb7 Qg3+ 51. Kh1 Rdd2 52. Rh7+ Kg5 53. Qb5+ Re5 54. Qc6 Re6 55. Qc5+ Re5
56. Qc6 Re6 57. Qb5+ Re5 58. Qb7 Ree2 59. Rg1 Re1 60. Qb5+ Kf6 61. Qc6+ Rd6
62. Qf3+ Qxf3 63. gxf3 Re2 64. Rg2 Rd1+ 65. Kh2 Ree1 66. Rxh4 Rd3 67. Rf4+
Ke5 68. Rf8 Ree3 69. Rxg6 Rxb3 70. Kg3 Rec3 71. Rg7 Rc1 72. Re7+ Kd6 73.
Rxa7 Rg1+ 74. Kf2 Rg5 75. Rd8+ Ke6 76. Rad7 Rh5 77. Kg3 Rg5+ 78. Kh4 Rg1
79. Rd3 Rb7 80. R8d6+ Ke5 81. R3d5+ Kf4 82. Rf6+ Ke3 83. Re5+ Kf2 84. Rh6
Rb3 85. Rg5 Re1 86. Rhg6 Rxf3 87. Rg2+ 1-0

[Event "38th Olympiad"]
[Site "Dresden GER"]
[Date "2008.11.20"]
[Round "7"]
[White "Simutowe,A"]
[Black "Berend,F"]
[Result "1-0"]
[WhiteElo "2462"]
[BlackElo "2345"]
[EventDate "2008.11.13"]

1. d4 Nf6 2. Nf3 d5 3. c4 e6 4. Nc3 c6 5. Bg5 Nbd7 6. e3 Qa5 7. Nd2 Bb4 8.
Qc2 dxc4 9. Bxf6 Nxf6 10. Nxc4 Qc7 11. a3 Be7 12. Rc1 O-O 13. g3 c5 14. Bg2
cxd4 15. Nb5 Qc5 16. Nxd4 Qh5 17. h3 Rb8 18. g4 Qc5 19. b4 Qg5 20. O-O Bd7
21. f4 Qh4 22. Ne5 Qg3 23. Nef3 Rfc8 24. Qb3 Rxc1 25. Rxc1 Ne4 26. Rf1 Bc6
27. Qc2 Ng5 28. fxg5 Bxg5 29. Nxg5 Qxe3+ 30. Qf2 Qxf2+ 31. Rxf2 Be8 32. Ne4
Rd8 33. Rd2 h5 34. g5 b6 35. g6 fxg6 36. Nxe6 Rc8 37. N4g5 a5 38. bxa5 bxa5
39. Be4 h4 40. Rf2 Bd7 41. Bxg6 Rb8 42. Rf4 1-0

[Event "38th Olympiad"]
[Site "Dresden GER"]
[Date "2008.11.20"]
[Round "7"]
[White "Jere,D"]
[Black "Brittner,S"]
[Result "1-0"]
[WhiteElo "2240"]
[BlackElo "2218"]
[EventDate "2008.11.13"]

1. c4 Nf6 2. g3 e6 3. Bg2 d5 4. Nf3 Be7 5. O-O O-O 6. Qc2 c5 7. d4 b6 8.
dxc5 Bxc5 9. Rd1 Bb7 10. Nc3 Qc8 11. cxd5 Nxd5 12. Bd2 Nd7 13. Rac1 N7f6
14. a3 Nxc3 15. Bxc3 Be4 16. Qa4 Qb7 17. Bxf6 gxf6 18. Nh4 Bxg2 19. Nxg2
Rfd8 20. Nf4 Be7 21. Nh5 f5 22. Qf4 Qe4 23. Rxd8+ Rxd8 24. Qxe4 fxe4 25.
Rc7 Kf8 26. Rxa7 Rd2 27. e3 f5 28. b4 Ra2 29. Rb7 Rxa3 30. Rxb6 Kf7 31. Nf4
Rb3 32. Rxe6 Bxb4 33. Re5 Bd6 34. Rxf5+ Kg7 35. Nh5+ Kg6 36. g4 Rb6 37.
Rf6+ Kg5 38. h3 Rb1+ 39. Kg2 Bb8 40. Re6 Rb4 41. Ng3 h5 42. Nxe4+ Kh4 43.
Rh6 1-0

[Event "38th Olympiad"]
[Site "Dresden GER"]
[Date "2008.11.20"]
[Round "7"]
[White "Kawuma,S"]
[Black "Goundar,S"]
[Result "1/2-1/2"]
[WhiteElo "2156"]
[BlackElo "1883"]
[EventDate "2008.11.13"]

1. e4 c5 2. Nf3 d6 3. d4 cxd4 4. Nxd4 Nf6 5. Nc3 a6 6. Be3 Ng4 7. Bc1 Nf6
8. f3 Qb6 9. Nb3 e6 10. Qe2 Qc7 11. Be3 Nbd7 12. g4 h6 13. Rg1 b5 14. h4
Nb6 15. a4 b4 16. a5 bxc3 17. Bxb6 Qc6 18. Bd4 cxb2 19. Bxb2 Nd7 20. Qc4
Qxc4 21. Bxc4 Bb7 22. O-O-O Rc8 23. Be2 Nc5 24. Kb1 Na4 25. Rd4 Nxb2 26.
Kxb2 Be7 27. Rb4 Bf6+ 28. Kb1 Rc7 29. Rb6 Bxh4 30. Rd1 Be7 31. Bxa6 Bxa6
32. Rxa6 Kd7 33. Rb6 Rc6 34. Rb7+ 1/2-1/2

[Event "38th Olympiad"]
[Site "Dresden GER"]
[Date "2008.11.20"]
[Round "7"]
[White "Surbir,L"]
[Black "Bradshaw,K"]
[Result "1-0"]
[WhiteElo "2084"]
[BlackElo "1835"]
[EventDate "2008.11.13"]

1. e4 c5 2. Nf3 d6 3. d4 cxd4 4. Nxd4 Nc6 5. c4 Nf6 6. Nc3 g6 7. Be2 Bg7 8.
O-O O-O 9. Be3 Ng4 10. Bxg4 Bxg4 11. Nxc6 Bxd1 12. Nxd8 Bg4 13. Nxb7 Rab8
14. Na5 Rxb2 15. Rac1 a6 16. Nc6 Re8 17. Bd4 e5 18. Be3 Be6 19. Nd5 Kf8 20.
c5 Bxd5 21. exd5 dxc5 22. d6 Rb7 23. Bxc5 Rd7 24. Nb4 Kg8 25. Rfd1 Bh6 26.
Be3 Bf8 27. Rc6 a5 28. Nd5 Re6 29. Bc5 Kg7 30. Nb6 Rd8 31. Rd5 f6 32. Kf1
f5 33. Ke2 Kf6 34. Kd3 Bh6 35. Kc4 1-0

[Event "38th Olympiad"]
[Site "Dresden GER"]
[Date "2008.11.20"]
[Round "7"]
[White "Lill,S"]
[Black "Balram,N"]
[Result "0-1"]
[WhiteElo "1885"]
[BlackElo "1909"]
[EventDate "2008.11.13"]

1. d4 Nf6 2. c4 g6 3. Nf3 Bg7 4. Nc3 O-O 5. b3 e6 6. Bb2 d5 7. e3 Nbd7 8.
Be2 Re8 9. O-O c6 10. Rc1 a6 11. Kh1 Rb8 12. Ba3 Qc7 13. Re1 dxc4 14. bxc4
e5 15. dxe5 Ng4 16. Kg1 c5 17. e6 fxe6 18. h3 Ngf6 19. Bd3 e5 20. Qc2 Nf8
21. Rb1 Bd7 22. Ne4 Bc6 23. Nxc5 e4 24. Nd4 exd3 25. Qxd3 Re5 26. Nxc6 Qxc6
27. Nb3 Rg5 28. g3 Nh5 29. Nd4 Qd7 30. Kh2 Be5 31. Rg1 Rf5 32. f4 Bxd4 33.
exd4 Rf7 34. d5 Re8 35. Rge1 g5 36. Rxe8 Qxe8 37. Qf3 gxf4 38. gxf4 Nxf4
39. Qg4+ N4g6 40. d6 Rf2+ 41. Kh1 Qe5 42. Qg1 Qe4+ 0-1

[Event "38th Olympiad"]
[Site "Dresden GER"]
[Date "2008.11.20"]
[Round "7"]
[White "Sujendra,P"]
[Black "Dill,J"]
[Result "1-0"]
[WhiteElo "2068"]
[BlackElo "2093"]
[EventDate "2008.11.13"]

1. d4 d5 2. Nc3 c6 3. Nf3 Bf5 4. Bg5 Nd7 5. e3 Ngf6 6. Bd3 Bxd3 7. Qxd3 Qb6
8. O-O g6 9. e4 dxe4 10. Nxe4 Bg7 11. Rfe1 Nxe4 12. Qxe4 e6 13. Ne5 Nxe5
14. dxe5 O-O 15. b3 Rac8 16. Rad1 Qc7 17. Rd3 c5 18. c4 a6 19. Bf6 b5 20.
Qh4 Qa5 21. Rf1 Qxa2 22. Rh3 h5 23. Qg5 Qc2 24. Bxg7 Kxg7 25. Rxh5 f6 26.
Qh6+ Kf7 27. exf6 Kxf6 28. Qg5+ Kg7 29. Qe7+ Rf7 30. Rh7+ Kxh7 31. Qxf7+
Kh6 32. Qxe6 Qf5 33. Qxa6 bxc4 34. Qxc4 Ra8 35. h3 Ra2 36. b4 Qc2 37. Qh4+
Kg7 38. Qe7+ Kh6 39. Qe3+ Kg7 40. bxc5 Qc4 41. Rc1 Rc2 42. Rxc2 Qxc2 43.
Qd4+ 1-0

[Event "38th Olympiad"]
[Site "Dresden GER"]
[Date "2008.11.20"]
[Round "7"]
[White "Miller,B"]
[Black "Manish,H"]
[Result "0-1"]
[WhiteElo "1741"]
[BlackElo "2028"]
[EventDate "2008.11.13"]

1. e4 e5 2. d4 exd4 3. Qxd4 Nc6 4. Qe3 g6 5. Bd3 Bg7 6. Ne2 Nge7 7. Nbc3
O-O 8. O-O d5 9. exd5 Nxd5 10. Bd2 Nxe3 11. Bxe3 Nd4 12. Ng3 Nf5 13. Bxf5
Bxf5 0-1

[Event "38th Olympiad"]
[Site "Dresden GER"]
[Date "2008.11.20"]
[Round "7"]
[White "Fancy,S"]
[Black "Warner,De"]
[Result "0-1"]
[WhiteElo "2128"]
[BlackElo "2226"]
[EventDate "2008.11.13"]

1. e4 e6 2. d4 d5 3. exd5 exd5 4. Bd3 Nc6 5. Ne2 Bd6 6. c4 dxc4 7. Bxc4 Nf6
8. Bg5 O-O 9. Nbc3 Be7 10. O-O Bg4 11. Qd3 Qd7 12. Bb5 a6 13. Ba4 b5 14.
Bb3 b4 15. Bxf6 Bxf6 16. Nd5 Bd8 17. Rac1 Re8 18. Nef4 Bf5 19. Qd1 Na5 20.
Ba4 c6 21. Nxb4 Bg5 22. Nxc6 Bxf4 23. Nxa5 Qd6 24. Bxe8 Bxh2+ 25. Kh1 Qh6
26. Bxf7+ Kxf7 27. Re1 Bc7+ 28. Kg1 Qh2+ 29. Kf1 Qh1+ 30. Ke2 Re8+ 0-1

[Event "38th Olympiad"]
[Site "Dresden GER"]
[Date "2008.11.20"]
[Round "7"]
[White "Del Castilho,M"]
[Black "Press,S"]
[Result "1-0"]
[WhiteElo "2161"]
[BlackElo "2090"]
[EventDate "2008.11.13"]

1. d4 Nf6 2. c4 e6 3. Nc3 d5 4. Nf3 c6 5. Bg5 Be7 6. e3 Nbd7 7. Bd3 dxc4 8.
Bxc4 b5 9. Bd3 a6 10. O-O Bb7 11. e4 O-O 12. e5 Ne8 13. Bxe7 Qxe7 14. Qc2
h6 15. Ne4 Nb6 16. Rfc1 Nd5 17. a3 Rc8 18. Nc5 Qc7 19. Qd2 Rd8 20. Rc2 Ne7
21. Rac1 Qb6 22. Qe3 Bc8 23. h4 Nd5 24. Qd2 Ne7 25. h5 Nc7 26. Re1 Ncd5 27.
Qc1 a5 28. Rce2 a4 29. Bb1 Nf5 30. g4 Nfe7 31. Qc2 g6 32. Nh4 Nf4 33. Re4
Nh3+ 34. Kh2 Ng5 35. Rf4 Nd5 36. Nxg6 Nxf4 37. Nxf4 Rxd4 38. Nh3 Rc4 39.
Qd3 Qxc5 40. Nxg5 Qxf2+ 41. Kh3 f5 42. exf6 Rxf6 43. Rd1 Rd4 44. Qxd4 Qxd4
45. Rxd4 hxg5 46. Rd8+ Rf8 47. Rd6 c5 48. h6 Kf7 49. Rc6 c4 50. Rc5 Kf6 51.
Rxb5 Bd7 52. Rc5 Rc8 53. h7 Kg7 54. Rxg5+ Kh6 55. Rg8 1-0

[Event "38th Olympiad"]
[Site "Dresden GER"]
[Date "2008.11.20"]
[Round "7"]
[White "Jones,Ru"]
[Black "Howell,Sh"]
[Result "0-1"]
[WhiteElo "1966"]
[BlackElo "2006"]
[EventDate "2008.11.13"]

1. e4 e5 2. f4 exf4 3. Nf3 Be7 4. Bc4 Bh4+ 5. Kf1 d6 6. d4 Bg4 7. Bxf4 Nc6
8. c3 Qf6 9. Be3 O-O-O 10. Be2 Bxf3 11. Bxf3 Nge7 12. g3 Bg5 13. Bxg5 Qxg5
14. Kg2 h5 15. h4 Qg6 16. b4 f5 17. Qe2 f4 18. Qf2 d5 19. Nd2 Rhf8 20. a4
dxe4 21. Bxe4 Qh6 22. Nf3 fxg3 23. Qg1 Ng6 24. Bxg6 Qxg6 25. Rc1 Rxf3 26.
Kxf3 Rf8+ 27. Ke3 Qe6+ 28. Kd3 Rf3+ 29. Kc2 Rf2+ 30. Qxf2 gxf2 31. Rhf1 Ne7
32. Kb1 Qb3+ 33. Ka1 Nd5 34. Rxf2 Nxc3 0-1

[Event "38th Olympiad"]
[Site "Dresden GER"]
[Date "2008.11.20"]
[Round "7"]
[White "Murara,M"]
[Black "Van Tilbury,C"]
[Result "0-1"]
[WhiteElo "1682"]
[BlackElo "2280"]
[EventDate "2008.11.13"]

1. e4 c5 2. Nf3 Nc6 3. Be2 d6 4. c3 Nf6 5. Qc2 e5 6. O-O Be7 7. d3 O-O 8.
a3 a6 9. Be3 d5 10. exd5 Nxd5 11. Nbd2 Be6 12. Ne4 Nxe3 13. fxe3 Rc8 14. c4
f5 15. Nc3 Bg5 16. e4 Be3+ 17. Kh1 f4 18. Nd5 Bd4 19. Rab1 b5 20. cxb5 axb5
21. Nc3 b4 22. Nb5 Be3 23. b3 h6 24. a4 g5 25. Qb2 Qf6 26. Nd6 g4 27. Nd2
Nd4 28. N2c4 Bxc4 29. Nxc4 Qg5 30. Nxe3 fxe3 31. a5 Rf2 32. Rxf2 exf2 33.
Bf1 Qe3 34. a6 Ra8 35. Ra1 Qe1 36. g3 Rxa6 37. Rc1 Ra3 38. Kg2 Rxb3 39. Qa1
Qe3 40. Qa8+ Kg7 41. Qb7+ Kf6 42. Qa6+ Ne6 43. h3 Qxc1 44. Qa8 Rb1 45. Qh8+
Ke7 46. hxg4 Qxf1+ 47. Kf3 Nd4+ 48. Ke3 Qe2+ 0-1

[Event "38th Olympiad"]
[Site "Dresden GER"]
[Date "2008.11.20"]
[Round "7"]
[White "Kabera,G"]
[Black "Lettsome,M"]
[Result "1-0"]
[WhiteElo "1949"]
[BlackElo "1812"]
[EventDate "2008.11.13"]

1. e4 c5 2. Nf3 d6 3. Nc3 Nf6 4. d4 cxd4 5. Nxd4 g6 6. Be2 Bg7 7. O-O O-O
8. Rb1 Nc6 9. Be3 Bd7 10. f4 a6 11. f5 b5 12. a3 Rc8 13. Nxc6 Bxc6 14. Bf3
Ba8 15. Qd2 Qc7 16. Bh6 Qc5+ 17. Kh1 b4 18. axb4 Qxb4 19. Bxg7 Kxg7 20. Qe2
Qc4 21. Qe3 Qc5 22. Qf4 Qd4 23. Ne2 Qc4 24. Ng3 Qxc2 25. h4 h5 26. Rbe1
Qxb2 27. Qg5 Qe5 28. Bxh5 Nxh5 29. Nxh5+ Kh7 30. Rf4 a5 31. Ref1 Bxe4 32.
Ng3 Bd3 33. R1f3 Qf6 34. Rxd3 a4 35. Qxf6 exf6 36. Rxa4 Rc1+ 37. Kh2 Rd8
38. Rad4 Rc6 39. Ne4 Kg7 40. Rd5 Rh8 41. g3 g5 42. Kh3 Rc1 43. Kg4 gxh4 44.
gxh4 Rh1 45. Rh3 Rg1+ 46. Rg3 Rh1 47. Rh3 Rg1+ 48. Kf3 Ra8 49. Rg3+ Rxg3+
50. Kxg3 Ra3+ 51. Kf4 Rh3 52. Kg4 Rh1 53. Rxd6 Rg1+ 54. Ng3 Rg2 55. Kh3 Rb2
56. Nh5+ Kf8 57. Rxf6 Rb3+ 58. Kg4 Ke7 59. Ra6 Rb4+ 60. Kg5 Rb2 61. f6+ Kd7
62. Ra7+ Ke6 63. Ng7+ Kd5 1-0

[Event "38th Olympiad"]
[Site "Dresden GER"]
[Date "2008.11.20"]
[Round "7"]
[White "Nezad,H"]
[Black "Yarmonov,I"]
[Result "1/2-1/2"]
[WhiteElo "2401"]
[BlackElo "2322"]
[EventDate "2008.11.13"]

1. e4 e5 2. Nf3 Nc6 3. Bb5 a6 4. Ba4 Nf6 5. d3 d6 6. c3 Be7 7. O-O O-O 8.
Nbd2 b5 9. Bc2 d5 10. Qe2 Bb7 11. Rd1 Re8 12. Nf1 h6 13. Ng3 Bf8 14. h3 g6
15. Nh2 Bc8 16. Qf3 Bg7 17. Bb3 Be6 18. Ng4 Bxg4 19. hxg4 Na5 20. Bxd5 c6
21. Bb3 Nxb3 22. axb3 Nd7 23. Be3 a5 24. Ne2 Qe7 25. Qh3 Nc5 26. Nc1 Qf8
27. Rxa5 Rxa5 28. Bxc5 Qxc5 29. b4 Qa7 30. bxa5 Qxa5 31. Qe3 b4 32. Qd2 Bf8
33. Qc2 Qb6 34. Nb3 bxc3 35. bxc3 Ra8 36. Nd2 Bc5 37. Nf3 Qc7 38. d4 Bd6
39. Qb3 Re8 40. d5 cxd5 41. Qxd5 Bc5 42. g3 Bb6 43. Qb5 Re7 44. Kg2 Re6 45.
c4 Qa7 46. Nxe5 Qa2 47. c5 Bc7 48. Nf3 Rxe4 49. Rd2 Qc4 50. Qb7 Re7 51. c6
Qe6 52. Qa8+ Kg7 53. Qa4 Bd6 54. Qd4+ Be5 55. Nxe5 Qxe5 56. Qxe5+ Rxe5 57.
Rc2 Re8 58. c7 Rc8 59. Kf3 Kf6 60. Ke4 Ke6 61. Rc6+ Kd7 62. Rc2 Re8+ 63.
Kf4 Kc8 64. g5 h5 65. Ra2 Kb7 66. Ra5 Re2 67. Rc5 Kc8 68. f3 Re7 69. Re5
Rxc7 70. Rd5 Re7 71. Re5 Ra7 72. Rd5 Kc7 73. Ke5 Ra6 74. Kf4 Kc6 75. Rd8
Ra5 76. g4 Ra4+ 77. Kg3 hxg4 78. f4 Ra7 79. Kxg4 Rd7 80. Re8 Rd5 81. Re7
Rd7 82. Re8 Rd5 83. Kf3 Kd7 84. Re4 Ra5 85. Kg4 Kd6 86. Re1 Rd5 1/2-1/2

[Event "38th Olympiad"]
[Site "Dresden GER"]
[Date "2008.11.20"]
[Round "7"]
[White "Bondarets,V"]
[Black "Al Hitmi,M"]
[Result "1-0"]
[WhiteElo "2345"]
[BlackElo "2161"]
[EventDate "2008.11.13"]

1. c4 e5 2. Nc3 Nf6 3. Nf3 Nc6 4. e4 Bb4 5. d3 Bxc3+ 6. bxc3 h6 7. g3 O-O
8. Bg2 d6 9. h3 Ne8 10. Nh4 Ne7 11. O-O Rb8 12. f4 exf4 13. gxf4 f5 14. e5
dxe5 15. fxe5 g5 16. Nf3 Ng6 17. d4 Ng7 18. Rb1 Kh8 19. Rb2 f4 20. d5 Bf5
21. e6 Qf6 22. Nd4 Nh4 23. Nxf5 Ngxf5 24. Rbf2 Kg8 25. Qg4 h5 26. Qxh5 Ng3
27. Qg4 Nxg2 28. Rxg2 Nxf1 29. Kxf1 Qf5 30. Qxg5+ Qxg5 31. Rxg5+ Kh7 32.
Kf2 Rg8 33. Rxg8 Kxg8 34. Bxf4 Rc8 35. Bxc7 1-0

[Event "38th Olympiad"]
[Site "Dresden GER"]
[Date "2008.11.20"]
[Round "7"]
[White "Lin Chung Yu Lee"]
[Black "Meier,K"]
[Result "0-1"]
[WhiteElo "1674"]
[BlackElo "2037"]
[EventDate "2008.11.13"]

1. Nf3 Nf6 2. d4 g6 3. c4 c6 4. Nc3 d5 5. e3 Bg7 6. Ne5 O-O 7. Bd3 Nfd7 8.
f4 Nxe5 9. fxe5 Be6 10. b3 f6 11. exf6 exf6 12. O-O f5 13. Qf3 dxc4 14.
bxc4 Nd7 15. Ba3 Re8 16. Bd6 Nb6 17. c5 Nd5 18. Ne2 Nb4 19. Bb1 Bd5 20. Qg3
Bc4 21. Re1 Nd5 22. e4 Bxe2 23. Be5 Bxe5 24. dxe5 Nf4 25. Qxf4 Qd4+ 26. Kh1
Qxa1 27. exf5 Qxe5 28. Qh6 Qg7 29. Qh3 Bc4 30. Rc1 Bd5 31. fxg6 h6 32. Bd3
Re5 33. Kg1 Rae8 34. Qh4 Re3 35. Bf5 Re2 36. g4 Qd4+ 37. Kf1 Qf4+ 0-1